Electrochemical Study of the Complex-Forming Properties of Phosphorylated Glucoluril; Russian Journal of General Chemistry; Vol. 89, iss. 3

Bibliographische Detailangaben
Parent link:Russian Journal of General Chemistry
Vol. 89, iss. 3.— 2019.— [P. 466-469]
Körperschaft: Национальный исследовательский Томский политехнический университет Инженерная школа природных ресурсов Отделение химической инженерии
Weitere Verfasser: Salkeeva L. K., Korotkova E. I. Elena Ivanovna, Derina K. V. Kseniya Vladimirovna, Tayshibekova E. K. Ekaterina Karimovna, Minaeva E. V. Elena, Muratbekova A. A., Salkeeva A. K.
Zusammenfassung:Title screen
Complex-forming ability of glucolurildiphosphonic acid synthesized via the classical Arbuzov reaction has been studied using natural fatty lipophilic alcohol cholesterol. As a result of voltammetric examinations, an approach for the production of new sensitive electrochemical sensor for cholesterol detection has been proposed; this sensor exhibits much higher efficiency in comparison with other existing samples.
Режим доступа: по договору с организацией-держателем ресурса
Sprache:Englisch
Veröffentlicht: 2019
Schlagworte:
Online-Zugang:https://doi.org/10.1134/S1070363219030162
Format: MixedMaterials Elektronisch Buchkapitel
KOHA link:https://koha.lib.tpu.ru/cgi-bin/koha/opac-detail.pl?biblionumber=661607

MARC

LEADER 00000naa0a2200000 4500
001 661607
005 20250416150144.0
035 |a (RuTPU)RU\TPU\network\32275 
090 |a 661607 
100 |a 20200120d2019 k||y0rusy50 ba 
101 0 |a eng 
135 |a drcn ---uucaa 
181 0 |a i  
182 0 |a b 
200 1 |a Electrochemical Study of the Complex-Forming Properties of Phosphorylated Glucoluril  |f L. K. Salkeeva [et al.] 
203 |a Text  |c electronic 
300 |a Title screen 
320 |a [References: 17 tit.] 
330 |a Complex-forming ability of glucolurildiphosphonic acid synthesized via the classical Arbuzov reaction has been studied using natural fatty lipophilic alcohol cholesterol. As a result of voltammetric examinations, an approach for the production of new sensitive electrochemical sensor for cholesterol detection has been proposed; this sensor exhibits much higher efficiency in comparison with other existing samples. 
333 |a Режим доступа: по договору с организацией-держателем ресурса 
461 |t Russian Journal of General Chemistry 
463 |t Vol. 89, iss. 3  |v [P. 466-469]  |d 2019 
610 1 |a электронный ресурс 
610 1 |a труды учёных ТПУ 
610 1 |a glucoluril 
610 1 |a diphosphonic acid 
610 1 |a cholesterol 
610 1 |a electrochemical sensor 
610 1 |a холестерин 
610 1 |a электрохимические датчики 
701 1 |a Salkeeva  |b L. K. 
701 1 |a Korotkova  |b E. I.  |c chemist  |c Professor of Tomsk Polytechnic University, Doctor of chemical science  |f 1965-  |g Elena Ivanovna  |3 (RuTPU)RU\TPU\pers\31278  |9 15456 
701 1 |a Derina  |b K. V.  |c chemist  |c Associate Professor of Tomsk Polytechnic University, Candidate of chemical sciences  |f 1989-  |g Kseniya Vladimirovna  |3 (RuTPU)RU\TPU\pers\33919  |9 17492 
701 1 |a Tayshibekova  |b E. K.  |g Ekaterina Karimovna 
701 1 |a Minaeva  |b E. V.  |g Elena 
701 1 |a Muratbekova  |b A. A. 
701 1 |a Salkeeva  |b A. K. 
712 0 2 |a Национальный исследовательский Томский политехнический университет  |b Инженерная школа природных ресурсов  |b Отделение химической инженерии  |3 (RuTPU)RU\TPU\col\23513 
801 2 |a RU  |b 63413507  |c 20200120  |g RCR 
850 |a 63413507 
856 4 |u https://doi.org/10.1134/S1070363219030162 
942 |c CF